[Event "Montcalm-ch"]
[Site "Quebec CAN"]
[Date "2005.05.26"]
[Round "5"]
[White "Auger, Bertrand"]
[Black "Caire, Francois"]
[Result "1/2-1/2"]
[WhiteElo "1988"]
[BlackElo "2209"]
[PlyCount "87"]
[GameId "2160767910968710"]
[EventDate "2005.04.28"]
[EventType "tourn"]
[EventRounds "5"]
[EventCountry "CAN"]

1. Nf3 d5 2. g3 Nc6 3. d4 Bg4 4. Bg2 Qd7 5. Ne5 Nxe5 6. dxe5 e6 7. O-O f6 8. c4 c6 9. cxd5 exd5 10. Qd4 Be6 11. Nc3 fxe5 12. Qxe5 O-O-O 13. Bg5 Nf6 14. Nb5 Bd6 15. Nxd6+ Qxd6 16. Qd4 b6 17. Bf4 Qd7 18. Rfc1 Kb7 19. a4 c5 20. Qe5 a5 21. b4 axb4 22. a5 Ra8 23. Qe3 Rhc8 24. axb6 Rxa1 25. Rxa1 Kxb6 26. Qd3 Qb5 27. Qe3 Re8 28. Qe5 Qd7 29. Qb2 d4 30. Qc2 Qb5 31. Bd6 Bc4 32. Qf5 b3 33. Bc7+ Kxc7 34. Qf4+ Kd7 35. Ra7+ Ke6 36. Bh3+ Kd5 37. Bg2+ Ke6 38. Bh3+ Kd5 39. Bg2+ Ne4 40. Qf5+ Kd6 41. Qf4+ Kd5 42. Qf5+ Kd6 43. Qf4+ Kd5 44. Qf5+ 1/2-1/2

[Event "Montcalm-ch"]
[Site "Quebec CAN"]
[Date "2005.05.26"]
[Round "5"]
[White "Dion, Jean-Francois"]
[Black "Sauve, Richard"]
[Result "1/2-1/2"]
[WhiteElo "1951"]
[BlackElo "1932"]
[PlyCount "156"]
[GameId "2160767910968711"]
[EventDate "2005.04.28"]
[EventType "tourn"]
[EventRounds "5"]
[EventCountry "CAN"]

1. g3 d5 2. Bg2 e6 3. Nf3 Nf6 4. d3 Be7 5. O-O O-O 6. c3 c5 7. Nbd2 Nc6 8. a3 Bd7 9. c4 d4 10. b3 e5 11. Bb2 Qc7 12. e3 Bg4 13. Qc2 Rad8 14. Rfe1 Rfe8 15. h3 Bh5 16. e4 Nd7 17. Bc1 Rf8 18. Nf1 Bg6 19. Nh4 Bxh4 20. gxh4 Nf6 21. Bg5 Qe7 22. Ng3 h6 23. Bxf6 Qxf6 24. h5 Bh7 25. Qd2 Qh4 26. b4 b6 27. Rab1 Rb8 28. Rf1 Ne7 29. Qb2 Nc6 30. Kh2 Kh8 31. Qe2 cxb4 32. axb4 a5 33. bxa5 bxa5 34. Rb5 Rxb5 35. cxb5 Nb4 36. Ra1 Qd8 37. Qd1 Qb6 38. Qa4 Rb8 39. Qxa5 Qxb5 40. Qxb5 Rxb5 41. Ra8+ Bg8 42. Nf5 Rb7 43. Bf1 Nc6 44. Kg3 Rb8 45. Ra1 Bh7 46. Nd6 Kg8 47. Rc1 Nd8 48. f4 exf4+ 49. Kxf4 f6 50. h4 Kf8 51. Bh3 Ke7 52. Nc8+ Kf8 53. Nd6 Ke7 54. Rc7+ Kxd6 55. Rxg7 Ne6+ 56. Bxe6 Kxe6 57. Rxh7 Rb3 58. Rxh6 Ke7 59. Rh7+ Ke6 60. h6 Rxd3 61. Ra7 Rc3 62. h7 Rc8 63. Rg7 Rh8 64. h5 Kd6 65. Ra7 Ke6 66. h6 Kd6 67. Rb7 Ke6 68. Rg7 Kd6 69. Kf5 d3 70. Rg2 Rxh7 71. Kg6 Re7 72. h7 Rxh7 73. Kxh7 Ke5 74. Kg6 Kxe4 75. Kxf6 Ke3 76. Rg3+ Ke2 77. Ke5 d2 78. Rg2+ Ke1 1/2-1/2

[Event "Montreal Cup-A"]
[Site "Montreal CAN"]
[Date "2005.10.19"]
[Round "1"]
[White "Masse, Hugues"]
[Black "Saint-Pierre, Benoit"]
[Result "1/2-1/2"]
[WhiteElo "2214"]
[BlackElo "2268"]
[PlyCount "52"]
[GameId "2160767910834297"]
[EventDate "2005.10.19"]
[EventType "tourn"]
[EventRounds "5"]
[EventCountry "CAN"]

1. d4 Nf6 2. c4 e6 3. Nc3 Bb4 4. Qc2 O-O 5. a3 Bxc3+ 6. Qxc3 b6 7. Bg5 Bb7 8. f3 h6 9. Bh4 d5 10. e3 Nbd7 11. cxd5 Nxd5 12. Bxd8 Nxc3 13. Bh4 Nd5 14. Bf2 f5 15. Bb5 c6 16. Ba4 e5 17. Ne2 Rae8 18. O-O exd4 19. Nxd4 Nxe3 20. Rfe1 f4 21. Bxc6 Bxc6 22. Nxc6 Ne5 23. Nxe5 Rxe5 24. Bxe3 fxe3 25. Re2 Kf7 26. Rae1 Rfe8 1/2-1/2

[Event "Montreal Cup-A"]
[Site "Montreal CAN"]
[Date "2005.11.03"]
[Round "3"]
[White "Masse, Hugues"]
[Black "Bolduc, Steve"]
[Result "1/2-1/2"]
[WhiteElo "2131"]
[BlackElo "2192"]
[PlyCount "102"]
[GameId "2160767910834302"]
[EventDate "2005.10.19"]
[EventType "tourn"]
[EventRounds "5"]
[EventCountry "CAN"]
[SourceTitle "EXT 2009"]
[Source "ChessBase"]
[SourceDate "2008.11.26"]
[SourceVersion "1"]
[SourceVersionDate "2008.11.26"]
[SourceQuality "1"]

1. d4 Nf6 2. Bg5 Ne4 3. Bf4 c5 4. f3 Qa5+ 5. c3 Nf6 6. d5 d6 7. e4 g6 8. Nd2 Bg7 9. Ne2 O-O 10. Nc4 Qd8 11. a4 Nh5 12. Be3 e6 13. dxe6 Bxe6 14. Nxd6 Nd7 15. g4 Qb6 16. gxh5 Rad8 17. b4 Qc6 18. b5 Qc7 19. f4 Nb6 20. e5 f6 21. Qc2 fxe5 22. Ne4 exf4 23. Bf2 Nc4 24. hxg6 Ne5 25. gxh7+ Kh8 26. Ng1 Bg4 27. Bh3 Nd3+ 28. Kf1 Bh5 29. Ng5 Rfe8 30. Ne6 Rxe6 31. Bxe6 Qe5 32. Bh3 Qd5 33. Bg2 Qc4 34. Bf3 Nxf2+ 35. Kxf2 Bxc3 36. Rc1 Bd4+ 37. Kg2 Qf7 38. Bxh5 Qxh5 39. Kf1 Be3 40. Qb2+ Kxh7 41. Qb1+ Kh6 42. Re1 Qd5 43. Re2 Rg8 44. Qe1 Rg4 45. Qa1 Bd4 46. Qa2 Qxh1 47. Qe6+ Rg6 48. Qh3+ Kg7 49. Qd7+ Kh6 50. Qh3+ Kg7 51. Qd7+ Kh6 1/2-1/2

[Event "Montreal Cup-A"]
[Site "Montreal CAN"]
[Date "2005.11.10"]
[Round "4"]
[White "Bolduc, Steve"]
[Black "Saint-Pierre, Benoit"]
[Result "1/2-1/2"]
[WhiteElo "2220"]
[BlackElo "2268"]
[PlyCount "44"]
[GameId "2160767910834304"]
[EventDate "2005.10.19"]
[EventType "tourn"]
[EventRounds "5"]
[EventCountry "CAN"]

1. d4 Nf6 2. c4 c5 3. d5 b5 4. cxb5 a6 5. Nf3 g6 6. b6 a5 7. e3 Bg7 8. Nc3 O-O 9. Nd2 d6 10. Nc4 Nbd7 11. Bd3 Nxb6 12. Nxb6 Qxb6 13. O-O Ba6 14. Re1 Rfb8 15. Rb1 Nd7 16. Bc2 Ne5 17. e4 Qc7 18. f4 Nc4 19. Bd3 Nxb2 20. Bxb2 Rxb2 21. Rxb2 Bxc3 22. Bxa6 Bxb2 1/2-1/2

[Event "Montreal Cup-A"]
[Site "Montreal CAN"]
[Date "2005.11.10"]
[Round "4"]
[White "Masse, Hugues"]
[Black "McDonough, Jonathan"]
[Result "1-0"]
[WhiteElo "2131"]
[BlackElo "2226"]
[PlyCount "99"]
[GameId "2160767910834306"]
[EventDate "2005.10.19"]
[EventType "tourn"]
[EventRounds "5"]
[EventCountry "CAN"]
[SourceTitle "EXT 2009"]
[Source "ChessBase"]
[SourceDate "2008.11.26"]
[SourceVersion "1"]
[SourceVersionDate "2008.11.26"]
[SourceQuality "1"]

1. d4 Nf6 2. c4 e6 3. Nc3 Bb4 4. Qc2 O-O 5. a3 Bxc3+ 6. Qxc3 b6 7. Bg5 Bb7 8. e3 d6 9. f3 Nbd7 10. Bd3 Re8 11. Ne2 e5 12. O-O h6 13. Bh4 Qe7 14. e4 c5 15. dxe5 dxe5 16. Bc2 Nb8 17. Rfd1 Nc6 18. Ba4 Nd4 19. Qe1 Red8 20. Nc3 g5 21. Bf2 Rac8 22. Rac1 Ba6 23. Bb5 Bxb5 24. Nxb5 Nh5 25. Nc3 Nf4 26. Be3 Qe6 27. Qf1 Kh7 28. Kh1 Rd7 29. g3 Ng6 30. Nd5 f5 31. Qh3 Rf7 32. Bxg5 fxe4 33. Qxh6+ Kg8 34. fxe4 Rcf8 35. Nf6+ Rxf6 36. Bxf6 Rxf6 37. Rf1 Nf3 38. Rcd1 Nf8 39. Qh5 Nd4 40. Qg5+ Rg6 41. Qd8 Qd6 42. Qe8 Rf6 43. Kg2 Qe6 44. Qh5 Rh6 45. Qg5+ Kh7 46. h4 Ng6 47. h5 Ne7 48. Rf8 Nef5 49. exf5 Qxc4 50. Qe7+ 1-0

[Event "Montreal Cup-A"]
[Site "Montreal CAN"]
[Date "2005.11.17"]
[Round "5"]
[White "McDonough, Jonathan"]
[Black "Bolduc, Steve"]
[Result "0-1"]
[WhiteElo "2226"]
[BlackElo "2192"]
[PlyCount "114"]
[GameId "2160767910834308"]
[EventDate "2005.10.19"]
[EventType "tourn"]
[EventRounds "5"]
[EventCountry "CAN"]
[SourceTitle "EXT 2009"]
[Source "ChessBase"]
[SourceDate "2008.11.26"]
[SourceVersion "1"]
[SourceVersionDate "2008.11.26"]
[SourceQuality "1"]

1. Nf3 Nf6 2. c4 b6 3. g3 Bb7 4. Bg2 e6 5. O-O Be7 6. d3 d5 7. b3 O-O 8. Bb2 c5 9. Nbd2 d4 10. b4 Nbd7 11. bxc5 bxc5 12. Qa4 Qc7 13. Nb3 a5 14. Nbd2 Bc6 15. Qc2 Rab8 16. Rab1 h6 17. Ba3 Nb6 18. Rfe1 Rfe8 19. Nb3 Na4 20. Bc1 Nc3 21. Bf4 Bd6 22. Bxd6 Qxd6 23. Ra1 a4 24. Nbd2 Rb6 25. Nb1 Nfe4 26. Nfd2 Nxd2 27. Bxc6 Qxc6 28. Qxd2 Nxb1 29. Raxb1 Reb8 30. Qc2 a3 31. Rxb6 Qxb6 32. Qa4 Qb2 33. Qa7 Qb4 34. Rc1 Rf8 35. Kg2 g6 36. h4 h5 37. Qe7 Rb8 38. Qd6 Qb6 39. Qe5 Qc6+ 40. Kh2 Rb2 41. Rg1 Qb6 42. Kh3 Rb1 43. Rg2 Rh1+ 44. Rh2 Qb1 45. Qe4 Rxh2+ 46. Kxh2 Qxa2 47. g4 Qb2 48. gxh5 Qb8+ 49. Kh3 a2 50. Qh1 gxh5 51. Qg1+ Kf8 52. e3 e5 53. Qc1 Qb1 54. Qa3 Qh1+ 55. Kg3 Qg1+ 56. Kh3 a1=Q 57. Qxc5+ Kg8 0-1

[Event "Montreal Cup-B"]
[Site "Montreal CAN"]
[Date "2005.10.19"]
[Round "1"]
[White "Le Duin, Thierry"]
[Black "Singher, Jean-Pierre"]
[Result "1-0"]
[WhiteElo "2067"]
[BlackElo "2043"]
[PlyCount "87"]
[GameId "2160767910834311"]
[EventDate "2005.10.19"]
[EventType "tourn"]
[EventRounds "5"]
[EventCountry "CAN"]
[SourceTitle "EXT 2009"]
[Source "ChessBase"]
[SourceDate "2008.11.26"]
[SourceVersion "1"]
[SourceVersionDate "2008.11.26"]
[SourceQuality "1"]

1. d4 Nf6 2. Nf3 d5 3. c3 c5 4. Bf4 e6 5. e3 Nc6 6. Nbd2 Bd6 7. Bg5 Qb6 8. Qb3 Qc7 9. Be2 cxd4 10. exd4 Bd7 11. Bd3 Nh5 12. g3 h6 13. Be3 O-O 14. Qd1 Nf6 15. O-O Ng4 16. Nh4 e5 17. Bf5 Nxe3 18. fxe3 exd4 19. exd4 Rae8 20. Qg4 Be6 21. Rae1 Qd7 22. Bxe6 fxe6 23. Ndf3 Rf6 24. Ng6 Qf7 25. Nge5 Nxe5 26. Nxe5 Bxe5 27. dxe5 Rf5 28. Rxf5 Qxf5 29. Qxf5 exf5 30. e6 g6 31. Re5 Kg7 32. Rxd5 Kf6 33. Rd7 Re7 34. Kf2 g5 35. Rxe7 Kxe7 36. Ke3 Kxe6 37. Kd4 h5 38. c4 g4 39. b4 f4 40. gxf4 Kf5 41. Ke3 h4 42. c5 g3 43. hxg3 hxg3 44. b5 1-0

[Event "Montreal Cup-B"]
[Site "Montreal CAN"]
[Date "2005.10.26"]
[Round "2"]
[White "Tremblay, Alain"]
[Black "Ye, Ling Feng"]
[Result "0-1"]
[WhiteElo "2048"]
[BlackElo "2064"]
[PlyCount "56"]
[GameId "2160767910834313"]
[EventDate "2005.10.19"]
[EventType "tourn"]
[EventRounds "5"]
[EventCountry "CAN"]
[SourceTitle "EXT 2009"]
[Source "ChessBase"]
[SourceDate "2008.11.26"]
[SourceVersion "1"]
[SourceVersionDate "2008.11.26"]
[SourceQuality "1"]

1. e4 c5 2. Nf3 e6 3. d4 cxd4 4. Nxd4 Nf6 5. Nc3 d6 6. Be3 a6 7. f3 b5 8. Qd2 Nbd7 9. g4 h6 10. O-O-O Bb7 11. h4 b4 12. Nce2 d5 13. Bh3 dxe4 14. g5 hxg5 15. hxg5 exf3 16. Ng3 Ne4 17. Nxe4 Bxe4 18. g6 Bxg6 19. Nxe6 fxe6 20. Bxe6 Nc5 21. Bd5 Nd3+ 22. Qxd3 Bxd3 23. Bc6+ Kf7 24. Rxh8 f2 25. Bxf2 Qg5+ 26. Rd2 Rc8 27. Ba4 Bc4 28. Kd1 Rd8 0-1

[Event "Montreal Cup-B"]
[Site "Montreal CAN"]
[Date "2005.11.03"]
[Round "3"]
[White "Arsenault, Nicolas"]
[Black "Tremblay, Alain"]
[Result "0-1"]
[WhiteElo "2054"]
[BlackElo "2048"]
[PlyCount "49"]
[GameId "2160767910834314"]
[EventDate "2005.10.19"]
[EventType "tourn"]
[EventRounds "5"]
[EventCountry "CAN"]
[SourceTitle "EXT 2009"]
[Source "ChessBase"]
[SourceDate "2008.11.26"]
[SourceVersion "1"]
[SourceVersionDate "2008.11.26"]
[SourceQuality "1"]

1. e4 e6 2. d4 d5 3. Nc3 Nf6 4. e5 Nfd7 5. f4 c5 6. Nf3 Nc6 7. Be3 a6 8. Qd2 b5 9. dxc5 Bxc5 10. Bxc5 Nxc5 11. Bd3 Qb6 12. O-O-O b4 13. Ne2 Bd7 14. Kb1 Ne4 15. Ka1 Na5 16. b3 Nc5 17. g4 Nab7 18. Ned4 a5 19. f5 a4 20. Qe2 Na5 21. bxa4 Nxa4 22. Nb5 Qc5 23. Nd6+ Kf8 24. Qd2 Nc3 25. Rb1 0-1

[Event "Montreal Cup-B"]
[Site "Montreal CAN"]
[Date "2005.11.03"]
[Round "3"]
[White "Ye, Ling Feng"]
[Black "Le Duin, Thierry"]
[Result "1/2-1/2"]
[WhiteElo "2064"]
[BlackElo "2067"]
[PlyCount "130"]
[GameId "2160767910834315"]
[EventDate "2005.10.19"]
[EventType "tourn"]
[EventRounds "5"]
[EventCountry "CAN"]
[SourceTitle "EXT 2009"]
[Source "ChessBase"]
[SourceDate "2008.11.26"]
[SourceVersion "1"]
[SourceVersionDate "2008.11.26"]
[SourceQuality "1"]

1. e4 d5 2. exd5 Nf6 3. d4 Bg4 4. Bb5+ Nbd7 5. f3 Bf5 6. c4 e6 7. dxe6 fxe6 8. Bxd7+ Qxd7 9. Nc3 O-O-O 10. Nge2 Qc6 11. b3 h6 12. Be3 g5 13. O-O g4 14. d5 exd5 15. Nd4 Qd7 16. Nxf5 Qxf5 17. fxg4 Qe6 18. Bd4 Bg7 19. Nxd5 Nxd5 20. Bxg7 Ne3 21. Qe2 Rhg8 22. Rae1 Rxg7 23. Qxe3 Qxe3+ 24. Rxe3 Rxg4 25. h3 Rg7 26. Re6 Rh8 27. Ref6 Rhh7 28. Rd1 Rh8 29. Rd5 h5 30. Rdf5 Rhh7 31. Kf2 c6 32. g3 Kd7 33. Re5 Rh8 34. c5 Kc7 35. Rff5 Rhg8 36. Rxh5 Rxg3 37. Re7+ Kc8 38. Rhh7 Rg2+ 39. Kf3 Rxa2 40. Rxb7 Rf8+ 41. Ke3 Raf2 42. Rxa7 R2f3+ 43. Kd2 Rxb3 44. Ra8+ Rb8 45. Rxb8+ Kxb8 46. Kd3 Rd8+ 47. Kc4 Rd1 48. h4 Rc1+ 49. Kd4 Rd1+ 50. Ke5 Rd5+ 51. Kf6 Rxc5 52. h5 Rc1 53. Rg7 Rh1 54. Kg6 Rg1+ 55. Kh7 Rh1 56. h6 c5 57. Rg6 c4 58. Rc6 Rh4 59. Kg7 Kb7 60. Rg6 c3 61. Rg2 Kb6 62. Rc2 Rh3 63. h7 Rg3+ 64. Kf7 Rh3 65. Rxc3 Rxh7+ 1/2-1/2

[Event "Montreal Cup-B"]
[Site "Montreal CAN"]
[Date "2005.11.10"]
[Round "4"]
[White "Tremblay, Alain"]
[Black "Le Duin, Thierry"]
[Result "0-1"]
[WhiteElo "2048"]
[BlackElo "2067"]
[PlyCount "64"]
[GameId "2160767910834317"]
[EventDate "2005.10.19"]
[EventType "tourn"]
[EventRounds "5"]
[EventCountry "CAN"]
[SourceTitle "EXT 2009"]
[Source "ChessBase"]
[SourceDate "2008.11.26"]
[SourceVersion "1"]
[SourceVersionDate "2008.11.26"]
[SourceQuality "1"]

1. e4 d5 2. exd5 Nf6 3. Bb5+ Bd7 4. Bc4 Bg4 5. f3 Bf5 6. Nc3 Nbd7 7. Nge2 Nb6 8. Bb5+ Bd7 9. Bxd7+ Qxd7 10. d6 Qxd6 11. d4 Nbd5 12. Ne4 Qb6 13. O-O e6 14. c4 Ne7 15. Kh1 Nf5 16. c5 Qc6 17. Qd3 Rd8 18. b4 Be7 19. Bf4 Nd5 20. b5 Nxf4 21. Nxf4 Qd7 22. d5 exd5 23. Nc3 c6 24. Rae1 O-O 25. g4 Nh6 26. bxc6 bxc6 27. Nh5 Bxc5 28. g5 Nf5 29. Re5 Nh4 30. Na4 Bd6 31. Ree1 Qh3 32. Rf2 Ng6 0-1

[Event "Montreal Cup-B"]
[Site "Montreal CAN"]
[Date "2005.11.17"]
[Round "5"]
[White "Ye, Ling Feng"]
[Black "Arsenault, Nicolas"]
[Result "1/2-1/2"]
[WhiteElo "2064"]
[BlackElo "2054"]
[PlyCount "147"]
[GameId "2160767910834319"]
[EventDate "2005.10.19"]
[EventType "tourn"]
[EventRounds "5"]
[EventCountry "CAN"]
[SourceTitle "EXT 2009"]
[Source "ChessBase"]
[SourceDate "2008.11.26"]
[SourceVersion "1"]
[SourceVersionDate "2008.11.26"]
[SourceQuality "1"]

1. e4 e6 2. d4 d5 3. Nd2 c5 4. exd5 exd5 5. Bb5+ Bd7 6. Bxd7+ Nxd7 7. Ne2 Ngf6 8. O-O Be7 9. dxc5 Nxc5 10. Nd4 Qd7 11. N2f3 O-O 12. Bf4 Nce4 13. Ne5 Qc8 14. c3 Rd8 15. Nd3 a6 16. Re1 Bd6 17. Bxd6 Nxd6 18. Qf3 Nde4 19. Rad1 Qc4 20. a3 a5 21. Nf4 b5 22. Nf5 Qb3 23. Nd4 Qxb2 24. Nxd5 Nxd5 25. Rxe4 Nxc3 26. Re7 Rf8 27. Rde1 Rac8 28. Qb7 Qd2 29. Nf3 Qd6 30. Rxf7 Ne2+ 31. Kf1 Rxf7 32. Qxc8+ Rf8 33. Qc2 Nf4 34. Qb3+ Qd5 35. Qxd5+ Nxd5 36. Re5 Rd8 37. Nd4 Nc3 38. Nc6 Rd1+ 39. Re1 Rxe1+ 40. Kxe1 a4 41. Nd4 Kf7 42. Kd2 Nb1+ 43. Kc2 Nxa3+ 44. Kc3 Nc4 45. Nxb5 Ne5 46. f3 Ke6 47. Nc7+ Kd7 48. Nb5 Kc6 49. Nd4+ Kd5 50. Nf5 g5 51. h4 gxh4 52. Nxh4 Ng6 53. Nf5 Ke5 54. Ng7 Kf4 55. Nh5+ Kg5 56. Ng7 Kf4 57. Nh5+ Kg5 58. Ng7 Nh4 59. Kb4 Nxg2 60. Kxa4 Ne1 61. Kb3 Nxf3 62. Kc3 Kg6 63. Ne6 Kf6 64. Nf4 Kf5 65. Nh5 Kg5 66. Ng7 Nh4 67. Kd3 Nf5 68. Nxf5 Kxf5 69. Ke3 Kg4 70. Kf2 Kh3 71. Kg1 h5 72. Kh1 h4 73. Kg1 Kg3 74. Kh1 1/2-1/2

[Event "Montreal Elo"]
[Site "Montreal CAN"]
[Date "2005.09.16"]
[Round "1"]
[White "Chabot, Roland"]
[Black "Robidas, Francois"]
[Result "1-0"]
[WhiteElo "2284"]
[BlackElo "2045"]
[PlyCount "47"]
[GameId "2160767910834622"]
[EventDate "2005.09.16"]
[EventType "tourn"]
[EventRounds "9"]
[EventCountry "CAN"]
[EventCategory "1"]
[SourceTitle "EXT 2007"]
[Source "ChessBase"]
[SourceDate "2006.11.23"]
[SourceVersion "1"]
[SourceVersionDate "2006.11.23"]
[SourceQuality "1"]

1. d4 d5 2. Nf3 c5 3. e3 Nc6 4. c3 Nf6 5. Nbd2 cxd4 6. exd4 Bf5 7. Be2 e6 8. O-O h6 9. Re1 Bd6 10. Nf1 O-O 11. Ng3 Bh7 12. Bd3 Bxd3 13. Qxd3 Qc7 14. Bd2 a6 15. Re2 b5 16. Rae1 b4 17. Ne5 bxc3 18. bxc3 Bxe5 19. dxe5 Nd7 20. Nh5 Kh8 21. Qh3 Rg8 22. Nf6 Nxf6 23. exf6 Kh7 24. fxg7 1-0

[Event "Montreal Elo"]
[Site "Montreal CAN"]
[Date "2005.09.16"]
[Round "1"]
[White "Khassanov, Marat"]
[Black "Malek, Omid"]
[Result "1-0"]
[WhiteElo "2339"]
[BlackElo "2165"]
[PlyCount "93"]
[GameId "2160767910834623"]
[EventDate "2005.09.16"]
[EventType "tourn"]
[EventRounds "9"]
[EventCountry "CAN"]
[EventCategory "1"]
[SourceTitle "EXT 2007"]
[Source "ChessBase"]
[SourceDate "2006.11.23"]
[SourceVersion "1"]
[SourceVersionDate "2006.11.23"]
[SourceQuality "1"]

1. e4 c5 2. Nf3 e6 3. Nc3 Nc6 4. Be2 a6 5. d4 cxd4 6. Nxd4 Qc7 7. O-O Nf6 8. Kh1 Bb4 9. f3 O-O 10. Bg5 Ne8 11. Be3 b5 12. a4 Bxc3 13. bxc3 bxa4 14. Rxa4 Bb7 15. Nxc6 Bxc6 16. Rxa6 Rxa6 17. Bxa6 Qa5 18. Qa1 Qh5 19. Bd3 f5 20. Qa5 Nf6 21. exf5 Ng4 22. fxg4 Qh3 23. Rg1 Qxe3 24. Qc7 exf5 25. gxf5 Qc5 26. Qg3 Qxc3 27. Rf1 Qf6 28. Re1 Ra8 29. h3 h6 30. Kh2 Bd5 31. Qf4 Bf7 32. Qc7 Qd8 33. Qd6 Qb8 34. Qxb8+ Rxb8 35. Re7 Rd8 36. g4 Kf8 37. Re4 Re8 38. Rd4 d5 39. Kg2 Ke7 40. Kf3 Kd6 41. Ra4 Re7 42. Kf4 Re8 43. Ra7 Rf8 44. h4 g6 45. Ra6+ Ke7 46. fxg6 Bxg6+ 47. Ke5 1-0

[Event "Montreal Elo"]
[Site "Montreal CAN"]
[Date "2005.09.16"]
[Round "1"]
[White "Voskanyan, Vahagn"]
[Black "Bolduc, Steve"]
[Result "1/2-1/2"]
[WhiteElo "2320"]
[BlackElo "2206"]
[PlyCount "71"]
[GameId "2160767910834626"]
[EventDate "2005.09.16"]
[EventType "tourn"]
[EventRounds "9"]
[EventCountry "CAN"]
[EventCategory "1"]
[SourceTitle "EXT 2007"]
[Source "ChessBase"]
[SourceDate "2006.11.23"]
[SourceVersion "1"]
[SourceVersionDate "2006.11.23"]
[SourceQuality "1"]

1. d4 Nf6 2. c4 e6 3. Nc3 Bb4 4. Qc2 c5 5. dxc5 Na6 6. Nf3 Nxc5 7. Bd2 O-O 8. a3 Bxc3 9. Bxc3 Nce4 10. Bxf6 Nxf6 11. g3 b6 12. Bg2 Bb7 13. O-O Rc8 14. Qa4 Qc7 15. Rac1 Bc6 16. Qb4 Qb7 17. Rfd1 Be4 18. Qd6 Rc7 19. a4 Rfc8 20. b3 h6 21. Rd4 a6 22. Ne1 Bxg2 23. Nxg2 b5 24. Ne3 bxa4 25. bxa4 Rc6 26. Qa3 d5 27. Qd3 Qc7 28. Rc2 a5 29. Qd2 Rc5 30. Qd3 Ne8 31. Qa3 Nf6 32. Qd3 Ne8 33. Qa3 Qe5 34. Qd3 Qc7 35. Qa3 Nf6 36. Qd3 1/2-1/2

[Event "Montreal Elo"]
[Site "Montreal CAN"]
[Date "2005.09.17"]
[Round "2"]
[White "Bolduc, Steve"]
[Black "McDonough, Jonathan"]
[Result "1-0"]
[WhiteElo "2206"]
[BlackElo "2212"]
[PlyCount "111"]
[GameId "2160767910834627"]
[EventDate "2005.09.16"]
[EventType "tourn"]
[EventRounds "9"]
[EventCountry "CAN"]
[EventCategory "1"]
[SourceTitle "EXT 2007"]
[Source "ChessBase"]
[SourceDate "2006.11.23"]
[SourceVersion "1"]
[SourceVersionDate "2006.11.23"]
[SourceQuality "1"]

1. d4 e6 2. c4 d5 3. Nf3 Be7 4. Nc3 Nf6 5. Bg5 O-O 6. e3 h6 7. Bh4 b6 8. Be2 Bb7 9. Bxf6 Bxf6 10. cxd5 exd5 11. b4 c6 12. O-O Nd7 13. Qb3 a6 14. a4 b5 15. a5 Re8 16. Bd3 Nf8 17. Rad1 Ne6 18. Bc2 Qd6 19. e4 Be7 20. Rb1 Qf4 21. Ne2 Qc7 22. e5 g6 23. h4 Ng7 24. Ng3 h5 25. Qe3 Bc8 26. Ng5 Bxg5 27. Qxg5 Qe7 28. Qxe7 Rxe7 29. f4 Nf5 30. Bxf5 Bxf5 31. Nxf5 gxf5 32. Rf3 Re6 33. Rg3+ Rg6 34. Rg5 Rxg5 35. fxg5 Kg7 36. Kf2 Kg6 37. Kf3 Re8 38. Kf4 Re7 39. Rc1 Rc7 40. Rc2 Rc8 41. Rc3 Rc7 42. e6 fxe6 43. Ke5 Rc8 44. Kxe6 f4 45. Kd7 Ra8 46. Rxc6+ Kf5 47. Kc7 Kg4 48. Kb7 Rg8 49. Kxa6 Kxh4 50. Kxb5 Rxg5 51. Rc2 Rg8 52. a6 Kg3 53. a7 h4 54. Ka6 h3 55. gxh3 f3 56. b5 1-0

[Event "Montreal Elo"]
[Site "Montreal CAN"]
[Date "2005.09.17"]
[Round "2"]
[White "Khassanov, Marat"]
[Black "Chabot, Roland"]
[Result "1-0"]
[WhiteElo "2339"]
[BlackElo "2284"]
[PlyCount "73"]
[GameId "2160767910834628"]
[EventDate "2005.09.16"]
[EventType "tourn"]
[EventRounds "9"]
[EventCountry "CAN"]
[EventCategory "1"]
[SourceTitle "EXT 2007"]
[Source "ChessBase"]
[SourceDate "2006.11.23"]
[SourceVersion "1"]
[SourceVersionDate "2006.11.23"]
[SourceQuality "1"]

1. e4 c5 2. Nf3 d6 3. d4 cxd4 4. Nxd4 Nf6 5. Nc3 a6 6. Be2 e6 7. O-O Be7 8. f4 O-O 9. Kh1 Nc6 10. Be3 Bd7 11. a4 Qc7 12. Bd3 Nb4 13. a5 Rac8 14. Qf3 Qb8 15. f5 e5 16. Nde2 Bc6 17. Qg3 Rfe8 18. Bh6 Bf8 19. Bg5 Be7 20. Qh4 Qc7 21. Rf3 d5 22. Rg3 Qd6 23. exd5 Nxd3 24. Rxd3 Bd7 25. Rf1 Bb5 26. Nxb5 axb5 27. Nc3 Rc4 28. Qe1 e4 29. Rd2 b4 30. Nd1 Rc5 31. Ne3 Rec8 32. b3 Qa6 33. Nc4 Nxd5 34. Bxe7 Nxe7 35. Qxe4 Nc6 36. Rfd1 Qa8 37. Nb6 1-0

[Event "Montreal Elo"]
[Site "Montreal CAN"]
[Date "2005.09.17"]
[Round "2"]
[White "Laptos, Krzysztof"]
[Black "Voskanyan, Vahagn"]
[Result "1-0"]
[WhiteElo "2279"]
[BlackElo "2320"]
[PlyCount "92"]
[GameId "2160767910834629"]
[EventDate "2005.09.16"]
[EventType "tourn"]
[EventRounds "9"]
[EventCountry "CAN"]
[EventCategory "1"]
[SourceTitle "EXT 2007"]
[Source "ChessBase"]
[SourceDate "2006.11.23"]
[SourceVersion "1"]
[SourceVersionDate "2006.11.23"]
[SourceQuality "1"]

1. d4 Nf6 2. c4 g6 3. Nc3 d5 4. cxd5 Nxd5 5. e4 Nxc3 6. bxc3 Bg7 7. Bb5+ c6 8. Ba4 O-O 9. Ne2 c5 10. O-O cxd4 11. cxd4 Nc6 12. Bxc6 bxc6 13. Qa4 c5 14. Be3 Bf6 15. f3 Bd7 16. Qc4 cxd4 17. Nxd4 Rc8 18. Qb4 Rb8 19. Qa3 Rb7 20. Rac1 Qb8 21. Nb3 Bb5 22. Rf2 Be5 23. f4 Bd6 24. Nc5 e6 25. Qa5 Bxc5 26. Bxc5 Rc8 27. Qa3 Rbc7 28. Qe3 Qb6 29. Rfc2 Qa6 30. a3 Ba4 31. Rc3 Qb7 32. f5 exf5 33. exf5 Qd5 34. fxg6 hxg6 35. Rd3 Qf5 36. Rdc3 Re8 37. Qg3 Rd7 38. Qh4 Re4 39. Qh6 Re8 40. Rh3 Rd1+ 41. Rxd1 Qxc5+ 42. Kh1 Qe5 43. Qh7+ Kf8 44. Qh8+ Qxh8 45. Rxh8+ Ke7 46. Rxe8+ Bxe8 1-0

[Event "Montreal Elo"]
[Site "Montreal CAN"]
[Date "2005.09.18"]
[Round "3"]
[White "Chabot, Roland"]
[Black "Malek, Omid"]
[Result "1-0"]
[WhiteElo "2284"]
[BlackElo "2165"]
[PlyCount "55"]
[GameId "2160767910834633"]
[EventDate "2005.09.16"]
[EventType "tourn"]
[EventRounds "9"]
[EventCountry "CAN"]
[EventCategory "1"]
[SourceTitle "EXT 2007"]
[Source "ChessBase"]
[SourceDate "2006.11.23"]
[SourceVersion "1"]
[SourceVersionDate "2006.11.23"]
[SourceQuality "1"]

1. d4 d5 2. Nf3 Nf6 3. e3 e6 4. Bd3 Be7 5. Nbd2 O-O 6. Ne5 Nbd7 7. f4 c5 8. c3 Qc7 9. O-O b6 10. g4 Bb7 11. Qf3 Nxe5 12. fxe5 Nd7 13. Qh3 g6 14. Nf3 f5 15. Bd2 Kh8 16. Rf2 Rg8 17. Rg2 c4 18. Bc2 b5 19. Kh1 Raf8 20. Rag1 Qc6 21. Be1 Qc8 22. gxf5 gxf5 23. Qh6 Rxg2 24. Rxg2 Rg8 25. Qxe6 Rxg2 26. Kxg2 Nf8 27. Qxe7 f4 28. Qf6+ 1-0